000 01181nam a2200325 c 4500
003 BLK
005 20220418152233.0
008 180409b bul|||||r ||||||| ||bul||
010 _aKNG00112251000
020 _a0-582-07845-8
_bиздат.: Longman - на том
040 _aBLK
041 _aENG
_cENG
080 _aАнглийски език - учебни предмети
_b373.3.016:811.111
_x(075.2)
_z373.3.016:811.111(075.2)
700 1 _aSkinner, Carol
_eавт. на том
_924570
139 _aEnglish Together
_bE 56
245 1 0 _aEnglish Together
_b[Vol.] 1-3 За том: Teacher's Guide
_cавт. на том Carol Skinner.
_pStarter Book
257 _aGBR
260 Harlow
_c2003
300 _c27 см
380 _a3
650 4 _aАнглийски език - учебници за основни училища
_9242372
653 _aанглийски език
653 _aучебници за основни училища
760 1 _3- на том
_dLongman, 2003
_h59 c.
_t Starter Book
852 _aЦб ІІ 12562
856 4 _qpdf
_u
856 4 _qpdf
_u
942 _cKNG
_n0
_01
944 _aCR
_c13.04.2004
_kТеодора_Стоянова
944 _aED
_c14.04.2004
_k
999 _c106978
_d106978